书目信息 |
| 题名: |
撒母耳记羊皮书
|
|
| 作者: | 祖光 编 | |
| 分册: | 下 | |
| 出版信息: | 西安 陕西师范大学出版社 2004.12 |
|
| 页数: | 158页 | |
| 开本: | 23cm | |
| 丛书名: | 家庭第一藏书 | |
| 单 册: | ||
| 中图分类: | B971.1 | |
| 科图分类: | ||
| 主题词: | 圣经--故事 | |
| 电子资源: | ||
| ISBN: | 7-5613-3109-6 | |
| 000 | 00940nam 22002777 450 | |
| 001 | 192004004531 | |
| 005 | 20070911101016.09 | |
| 010 | @a7-5613-3109-6@b精装@dCNY32.00 | |
| 100 | @a20070604d2004 ekmy0chiy0121 ea | |
| 101 | 0 | @achi |
| 102 | @aCN@b610000 | |
| 105 | @aac z 000yy | |
| 200 | 1 | @a撒母耳记羊皮书@Asa mu er ji yang pi shu@h下@d= The Story of Testament Samuel Ⅱ@f祖光编@zeng |
| 210 | @a西安@c陕西师范大学出版社@d2004.12 | |
| 215 | @a158页@c彩图, 肖像@d23cm | |
| 225 | 2 | @a家庭第一藏书@Ajia ting di yi zang shu@i圣经旧约的故事 |
| 300 | @a并列题名:The Story of Testament Samuel Ⅱ | |
| 330 | @a本书详细叙述了圣经的故事,让读者更加了解西方文学,以及历史的来源。 | |
| 410 | 0 | @12001 @a圣经旧约的故事 |
| 410 | 0 | @12001 @a家庭第一藏书 |
| 510 | 1 | @aStory of Testament Samuel Ⅱ@zeng |
| 606 | 0 | @a圣经@x故事 |
| 690 | @aB971.1@v4 | |
| 701 | 0 | @a祖光@Azu guang@4编 |
| 801 | 0 | @aCN@c20070911 |
| 905 | @dB971.1@eZ979:2 | |
| 撒母耳记羊皮书.下= The Story of Testament Samuel Ⅱ/祖光编.-西安:陕西师范大学出版社,2004.12 |
| 158页:彩图, 肖像;23cm.-(家庭第一藏书.圣经旧约的故事) |
| 并列题名:The Story of Testament Samuel Ⅱ |
| ISBN 7-5613-3109-6(精装):CNY32.00 |
| 本书详细叙述了圣经的故事,让读者更加了解西方文学,以及历史的来源。 |
| ● |
| 相关链接 |
|
|
|
正题名:撒母耳记羊皮书
索取号:B971.1/Z979:2
 
预约/预借
| 序号 | 登录号 | 条形码 | 馆藏地/架位号 | 状态 | 备注 |
| 1 | 616784 | 206167841 | 自科二线400A/400A自科库 11排3列2层/ [索取号:B971.1/Z979:2] | 在馆 | |
| 2 | 616785 | 206167850 | 自科二线400A/400A自科库 11排3列2层/ [索取号:B971.1/Z979:2] | 在馆 | |
| 3 | 616786 | 206167869 | 自科二线400A/509社科库 54排6列2层/ [索取号:B971.1/Z979:2] | 在馆 |